[Event "HUN-chT2 Barcza 1314"]
[Site "Hungary"]
[Date "2014.02.16"]
[Round "7"]
[White "Runda, Mate Bence"]
[Black "Antos, Zoltan"]
[Result "0-1"]
[WhiteElo "1902"]
[BlackElo "2073"]
[PlyCount "65"]
[EventDate "2013.09.08"]
[EventType "team-tourn"]
[EventRounds "11"]
[EventCountry "HUN"]
[SourceTitle "EXT 2016"]
[Source "ChessBase"]
[SourceDate "2015.10.08"]
[SourceVersion "1"]
[SourceVersionDate "2015.10.08"]
[SourceQuality "1"]
[WhiteTeam "Miskolc EMSE"]
[BlackTeam "Debrecen EAC"]
[WhiteTeamCountry "HUN"]
[BlackTeamCountry "HUN"]

1. e4 e6 2. d4 d5 3. exd5 exd5 4. Bd3 Be6 5. Qf3 Qd7 6. h3 Nc6 7. Ne2 Nb4 8. c3 Nxd3+ 9. Qxd3 0-0-0 10. Bf4 Nf6 11. Nd2 Bf5 12. Qf3 Ne4 13. Nxe4 Bxe4 14. Qg3 Re8 15. Rd1 Re6 16. f3 Bf5 17. Kf2 Be7 18. Rhe1 g5 19. Bc1 Qd8 20. Qh2 Bd6 21. Qg1 g4 22. hxg4 Bxg4 23. Nf4 Rxe1 24. Rxe1 Bd7 25. Nd3 Bb5 26. Ne5 Rg8 27. Bf4 f6 28. Nf7 Bxf4 29. Nxd8 Bg3+ 30. Ke3 Re8+ 31. Kd2 Rxe1 32. Qxe1 Bxe1+ 33. Kxe1 0-1

[Event "HUN-chT2 Barcza 1314"]
[Site "Hungary"]
[Date "2013.11.17"]
[Round "5"]
[White "Herczeg, Tibor"]
[Black "Antos, Zoltan"]
[Result "1-0"]
[WhiteElo "2100"]
[BlackElo "2073"]
[PlyCount "87"]
[EventDate "2013.09.08"]
[EventType "team-tourn"]
[EventRounds "11"]
[EventCountry "HUN"]
[SourceTitle "EXT 2016"]
[Source "ChessBase"]
[SourceDate "2015.10.08"]
[SourceVersion "1"]
[SourceVersionDate "2015.10.08"]
[SourceQuality "1"]
[WhiteTeam "Sajobabony"]
[BlackTeam "Debrecen EAC"]
[WhiteTeamCountry "HUN"]
[BlackTeamCountry "HUN"]

1. e4 c5 2. Ne2 e6 3. Nbc3 Nc6 4. g3 g6 5. Bg2 Bg7 6. 0-0 Nge7 7. d3 0-0 8. Be3 Nd4 9. Qd2 Rb8 10. Nd1 b5 11. c3 Nxe2+ 12. Qxe2 Qc7 13. Qd2 Ba6 14. Bh6 d5 15. Bxg7 Kxg7 16. Ne3 dxe4 17. Bxe4 f5 18. Bh1 Rbd8 19. Qc2 Rd6 20. Rfd1 Rfd8 21. Ng2 Qd7 22. Qe2 Kf7 23. Ne1 Bb7 24. Bxb7 Qxb7 25. Qe3 c4 26. d4 Nd5 27. Qh6 Nf6 28. h3 Kg8 29. Qe3 Nd5 30. Qe5 Nb6 31. Ng2 Qc6 32. Nf4 Nd7 33. Qe3 Nf6 34. Re1 Re8 35. Rad1 Nd5 36. Nxd5 Rxd5 37. Qf4 Kf7 38. Rd2 Re7 39. Rde2 a5 40. h4 Qd6 41. Qh6 Ke8 42. h5 gxh5 43. Rxe6 Rxe6 44. Rxe6+ 1-0

[Event "HUN-chT2 Barcza 1314"]
[Site "Hungary"]
[Date "2013.09.22"]
[Round "2"]
[White "Duzs, Jozsef"]
[Black "Antos, Zoltan"]
[Result "1/2-1/2"]
[WhiteElo "2030"]
[BlackElo "2073"]
[PlyCount "54"]
[EventDate "2013.09.08"]
[EventType "team-tourn"]
[EventRounds "11"]
[EventCountry "HUN"]
[SourceTitle "EXT 2016"]
[Source "ChessBase"]
[SourceDate "2015.10.08"]
[SourceVersion "1"]
[SourceVersionDate "2015.10.08"]
[SourceQuality "1"]
[WhiteTeam "Edeleny"]
[BlackTeam "Debrecen EAC"]
[WhiteTeamCountry "HUN"]
[BlackTeamCountry "HUN"]

1. d4 Nf6 2. Nf3 e6 3. Bf4 b5 4. Nbd2 Bb7 5. e3 a6 6. Bd3 d5 7. 0-0 Nbd7 8. a4 b4 9. c4 c5 10. Nb3 dxc4 11. Bxc4 Nb6 12. Be2 Ne4 13. dxc5 Nxc5 14. Qxd8+ Rxd8 15. Nxc5 Bxc5 16. Rfc1 Rc8 17. Nd2 Nd5 18. Bg3 Nxe3 19. Nb3 Nc2 20. Bb5+ axb5 21. Rxc2 Bb6 22. Rxc8+ Bxc8 23. a5 Ba7 24. Bd6 Kd7 25. Bxb4 Kc7 26. Rc1+ Kb7 27. Nc5+ Bxc5 1/2-1/2

[Event "HUN-chT2 Barcza 1213"]
[Site "Hungary"]
[Date "2013.03.03"]
[Round "8.3"]
[White "Papp, Abel"]
[Black "Antos, Zoltan"]
[Result "1/2-1/2"]
[WhiteElo "2183"]
[BlackElo "2088"]
[PlyCount "45"]
[EventDate "2012.09.16"]
[EventType "team-tourn"]
[EventRounds "11"]
[EventCountry "HUN"]
[SourceTitle "EXT 2014"]
[Source "ChessBase"]
[SourceDate "2013.11.20"]
[SourceVersion "1"]
[SourceVersionDate "2013.11.20"]
[SourceQuality "1"]
[WhiteTeam "Miskolc EMSE"]
[BlackTeam "Nadudvar"]
[WhiteTeamCountry "HUN"]
[BlackTeamCountry "HUN"]

1. e4 c5 2. Nf3 e6 3. d3 Nc6 4. g3 Nf6 5. Bg2 d5 6. Qe2 b6 7. 0-0 Be7 8. Re1 Ba6 9. e5 Nd7 10. c4 d4 11. Na3 Rb8 12. Bd2 0-0 13. h4 Re8 14. g4 Bf8 15. h5 Bb7 16. Bf4 a6 17. Nb1 b5 18. Nbd2 Nb4 19. Rec1 bxc4 20. Nxc4 a5 21. g5 Nd5 22. Bd2 a4 23. Qd1 1/2-1/2

[Event "HUN-chT2 Barcza 1213"]
[Site "Hungary"]
[Date "2013.02.17"]
[Round "7.3"]
[White "Antos, Zoltan"]
[Black "Lengyel, Ferenc"]
[Result "0-1"]
[WhiteElo "2088"]
[BlackElo "2235"]
[PlyCount "102"]
[EventDate "2012.09.16"]
[EventType "team-tourn"]
[EventRounds "11"]
[EventCountry "HUN"]
[SourceTitle "EXT 2014"]
[Source "ChessBase"]
[SourceDate "2013.11.20"]
[SourceVersion "1"]
[SourceVersionDate "2013.11.20"]
[SourceQuality "1"]
[WhiteTeam "Nadudvar"]
[BlackTeam "Debrecen Sakkiskola"]
[WhiteTeamCountry "HUN"]
[BlackTeamCountry "HUN"]

1. c4 e5 2. g3 Nc6 3. Bg2 d6 4. Nc3 Be6 5. d3 Qd7 6. Rb1 g6 7. e3 Bg7 8. Nge2 Nge7 9. Nd5 Nd8 10. e4 c6 11. Nxe7 Qxe7 12. b3 0-0 13. d4 f5 14. d5 Bd7 15. b4 fxe4 16. Nc3 Nf7 17. 0-0 Rac8 18. Be3 a6 19. Bxe4 Bh3 20. Re1 Qd7 21. Qd2 Bf5 22. Rbd1 Kh8 23. c5 Rfd8 24. Qe2 Bxe4 25. Nxe4 cxd5 26. Rxd5 Qc6 27. Qc4 b5 28. Qb3 dxc5 29. Rxd8+ Rxd8 30. Nxc5 Rd5 31. Ne4 Rd7 32. Bc5 Qd5 33. Qa3 Qb7 34. Qa5 h6 35. Qb6 Qxb6 36. Bxb6 Rd3 37. Nc5 Rd6 38. Ba5 Kh7 39. h4 g5 40. hxg5 Nxg5 41. Kg2 Nf7 42. Re3 Kg6 43. Ra3 Rc6 44. Nd7 Nd6 45. Rd3 Nc4 46. Bd8 Kf5 47. f3 e4 48. g4+ Kf4 49. fxe4 Ne3+ 50. Kh3 Nxg4 51. Rg3 h5 0-1

[Event "HUN-chT2 Barcza 1213"]
[Site "Hungary"]
[Date "2012.10.07"]
[Round "2.3"]
[White "Antos, Zoltan"]
[Black "Korsos, Imre"]
[Result "1/2-1/2"]
[WhiteElo "2088"]
[BlackElo "2096"]
[PlyCount "83"]
[EventDate "2012.09.16"]
[EventType "team-tourn"]
[EventRounds "11"]
[EventCountry "HUN"]
[SourceTitle "EXT 2014"]
[Source "ChessBase"]
[SourceDate "2013.11.20"]
[SourceVersion "1"]
[SourceVersionDate "2013.11.20"]
[SourceQuality "1"]
[WhiteTeam "Nadudvar"]
[BlackTeam "Tiszavasvar"]
[WhiteTeamCountry "HUN"]
[BlackTeamCountry "HUN"]

1. c4 e6 2. Nf3 d5 3. e3 Nf6 4. b3 Be7 5. Be2 0-0 6. Bb2 b6 7. 0-0 Bb7 8. d3 c5 9. Nbd2 Nbd7 10. Qc2 Rc8 11. Rad1 Qc7 12. Qb1 Ne8 13. d4 f5 14. cxd5 exd5 15. Bd3 g6 16. Rc1 Ng7 17. Qa1 Ne6 18. a3 Qd6 19. Rfd1 cxd4 20. Nxd4 Bf6 21. N2f3 Nxd4 22. Nxd4 a6 23. Nf3 Nc5 24. Bc2 Bxb2 25. Qxb2 Qf6 26. Qxf6 Rxf6 27. b4 Nd7 28. Bb3 Rff8 29. Kf1 Nf6 30. Nd4 Kf7 31. f3 Ke7 32. Ke2 Rxc1 33. Rxc1 Rc8 34. Rxc8 Bxc8 35. Kd3 Kd6 36. Ne2 Bd7 37. a4 a5 38. bxa5 bxa5 39. Kd4 Ne8 40. h4 Nc7 41. Nf4 Ne6+ 42. Nxe6 1/2-1/2

[Event "Zalakaros op 31st"]
[Site "Zalakaros"]
[Date "2012.06.12"]
[Round "5"]
[White "Csala, Imre"]
[Black "Antos, Zoltan"]
[Result "0-1"]
[WhiteElo "2315"]
[BlackElo "2040"]
[PlyCount "24"]
[EventDate "2012.06.08"]
[EventType "swiss"]
[EventRounds "9"]
[EventCountry "HUN"]
[SourceTitle "EXT 2014"]
[Source "ChessBase"]
[SourceDate "2013.11.20"]
[SourceVersion "1"]
[SourceVersionDate "2013.11.20"]
[SourceQuality "1"]

1. d4 Nf6 2. c4 Nc6 3. Nc3 e5 4. d5 Ne7 5. c5 Nf5 6. Nf3 Bxc5 7. Nxe5 Qe7 8. Nf3 Ng4 9. e3 Nxf2 10. d6 Nxd1 11. dxe7 Nxc3 12. bxc3 Nxe3 0-1

[Event "Zalakaros op 31st"]
[Site "Zalakaros"]
[Date "2012.06.08"]
[Round "1"]
[White "Kernazhitsky, Leonid"]
[Black "Antos, Zoltan"]
[Result "1-0"]
[WhiteElo "2306"]
[BlackElo "2040"]
[PlyCount "67"]
[EventDate "2012.06.08"]
[EventType "swiss"]
[EventRounds "9"]
[EventCountry "HUN"]
[SourceTitle "EXT 2014"]
[Source "ChessBase"]
[SourceDate "2013.11.20"]
[SourceVersion "1"]
[SourceVersionDate "2013.11.20"]
[SourceQuality "1"]

1. e4 c5 2. Nc3 e6 3. f4 a6 4. Nf3 d6 5. d4 cxd4 6. Qxd4 Ne7 7. Be3 Nbc6 8. Qd2 Bd7 9. 0-0-0 b5 10. Kb1 Nc8 11. Qf2 Rb8 12. e5 d5 13. f5 Nb6 14. fxe6 Bxe6 15. Bxb6 Rxb6 16. Bd3 Rb7 17. Qg3 Na5 18. Ng5 Nc4 19. Nxe6 fxe6 20. Bxh7 Qd7 21. Qg6+ Qf7 22. Nxd5 exd5 23. Qxa6 Qd7 24. Bg6+ Kd8 25. e6 Qc8 26. Rxd5+ Kc7 27. Rhd1 Nb6 28. Rxb5 Qxe6 29. Bf5 Qc6 30. a4 g6 31. a5 gxf5 32. axb6+ Rxb6 33. Rd7+ Kxd7 34. Rxb6 1-0

[Event "HUN-chT2 Barcza 1112 "]
[Site "Hungary"]
[Date "2012.02.19"]
[Round "6"]
[White "Simai, Mate"]
[Black "Antos, Zoltan"]
[Result "0-1"]
[WhiteElo "2109"]
[BlackElo "2003"]
[PlyCount "100"]
[EventDate "2011.09.25"]
[EventType "team-tourn"]
[EventRounds "11"]
[EventCountry "HUN"]
[SourceTitle "EXT 2013"]
[Source "ChessBase"]
[SourceDate "2012.11.22"]
[SourceVersion "1"]
[SourceVersionDate "2012.11.22"]
[SourceQuality "1"]
[WhiteTeam "Sarospatak"]
[BlackTeam "Nadudvar"]
[WhiteTeamCountry "HUN"]
[BlackTeamCountry "HUN"]

1. e4 c5 2. Nf3 e6 3. d4 cxd4 4. Nxd4 a6 5. c4 Qc7 6. Nc3 Nf6 7. a3 d6 8. Be3 Nbd7 9. Rc1 Be7 10. f3 0-0 11. Be2 b6 12. 0-0 Bb7 13. b4 Rac8 14. Qd2 Rfe8 15. Nb3 Qb8 16. Rfd1 h5 17. Kh1 h4 18. Bf4 Ne5 19. Bxe5 dxe5 20. Qe3 Ba8 21. Na4 Rc6 22. c5 b5 23. Nb6 Rc7 24. Qc3 Ra7 25. Na5 Bd8 26. Nxa8 Bxa5 27. bxa5 Rxa8 28. c6 Qc7 29. a4 bxa4 30. Qc5 Rec8 31. Qb6 Rab8 32. Qxc7 Rxc7 33. Bxa6 Ra8 34. Bb7 Rxa5 35. Rd8+ Kh7 36. Rc8 Rxc8 37. Bxc8 Ne8 38. Ra1 a3 39. Kg1 a2 40. Bd7 Nc7 41. Kf1 Kg6 42. Ke2 Kf6 43. Kd2 Ke7 44. Kc3 Kd6 45. Kb4 Ra7 46. Kc3 Ra8 47. Kb4 Na6+ 48. Kb5 Nc5 49. Bc8 Nb3 50. Rd1+ Nd4+ 0-1

[Event "HUN-chT2 Toth 0910"]
[Site "Hungary"]
[Date "2010.04.18"]
[Round "10.2"]
[White "Hajdu, Istvan"]
[Black "Antos, Zoltan"]
[Result "1-0"]
[WhiteElo "2093"]
[BlackElo "2069"]
[PlyCount "65"]
[EventDate "2009.11.08"]
[EventType "team-tourn"]
[EventRounds "11"]
[EventCountry "HUN"]
[SourceTitle "EXT 2011"]
[Source "ChessBase"]
[SourceDate "2010.11.26"]
[SourceVersion "1"]
[SourceVersionDate "2010.11.26"]
[SourceQuality "1"]
[WhiteTeam "Kkfhazi Honved"]
[BlackTeam "Nadudvar"]
[WhiteTeamCountry "HUN"]
[BlackTeamCountry "HUN"]

1. e4 c5 2. Nf3 e6 3. d4 cxd4 4. Nxd4 a6 5. Nc3 Qc7 6. Be2 Nf6 7. 0-0 Bb4 8. Qd3 d6 9. f4 Nbd7 10. Bf3 Bxc3 11. bxc3 Rb8 12. Nb3 0-0 13. Ba3 Nc5 14. Qd4 b6 15. Rad1 Re8 16. e5 dxe5 17. Qxe5 Qxe5 18. fxe5 Nfe4 19. Nxc5 Nxc5 20. Bc6 Rf8 21. Rb1 Bd7 22. Bxc5 Bxc6 23. Bxf8 Kxf8 24. c4 Ke7 25. Rfd1 Be4 26. Rb2 b5 27. Rd4 Bc6 28. cxb5 axb5 29. a4 b4 30. Rbxb4 Ra8 31. Rbc4 Be8 32. Kf2 Ra5 33. Rc7+ 1-0

[Event "HUN-chT2 Toth 0910"]
[Site "Hungary"]
[Date "2010.02.14"]
[Round "6.1"]
[White "Antos, Zoltan"]
[Black "Bartos, Tamas"]
[Result "0-1"]
[WhiteElo "2069"]
[BlackElo "2150"]
[PlyCount "74"]
[EventDate "2009.11.08"]
[EventType "team-tourn"]
[EventRounds "11"]
[EventCountry "HUN"]
[SourceTitle "EXT 2011"]
[Source "ChessBase"]
[SourceDate "2010.11.26"]
[SourceVersion "1"]
[SourceVersionDate "2010.11.26"]
[SourceQuality "1"]
[WhiteTeam "Nadudvar"]
[BlackTeam "Maroczy II"]
[WhiteTeamCountry "HUN"]
[BlackTeamCountry "HUN"]

1. e4 e6 2. d4 d5 3. e5 c5 4. c3 Nc6 5. Nf3 Qb6 6. a3 Nh6 7. Bd3 Bd7 8. Bc2 cxd4 9. cxd4 Nf5 10. Bxf5 exf5 11. 0-0 Be7 12. Nc3 Be6 13. b4 0-0 14. Na4 Qb5 15. Nc3 Qb6 16. Be3 f6 17. h4 Rad8 18. exf6 Bxf6 19. Ne2 a5 20. Rb1 axb4 21. axb4 Bf7 22. Nf4 Rfe8 23. Qd3 g6 24. Ne2 Ra8 25. b5 Na5 26. Bg5 Bg7 27. h5 Nc4 28. hxg6 hxg6 29. Rb3 Ra5 30. Rfb1 Rea8 31. g3 Ra3 32. Kg2 R8a5 33. Nc3 Rxb3 34. Rxb3 Nd6 35. Rb4 Ne4 36. Nb1 Ra2 37. Be3 Qd6 0-1

[Event "HUN-chT2 Toth 0809"]
[Site "Hungary"]
[Date "2009.01.25"]
[Round "6.2"]
[White "Fabian Nagy, Sandor"]
[Black "Antos, Zoltan"]
[Result "1-0"]
[WhiteElo "2101"]
[BlackElo "2082"]
[PlyCount "37"]
[EventDate "2008.10.26"]
[EventType "tourn"]
[EventRounds "11"]
[EventCountry "HUN"]
[SourceTitle "EXT 2010"]
[Source "ChessBase"]
[SourceDate "2010.11.25"]
[SourceVersion "1"]
[SourceVersionDate "2010.11.25"]
[SourceQuality "1"]
[WhiteTeam "Szentes"]
[BlackTeam "Nadudvar"]
[WhiteTeamCountry "HUN"]
[BlackTeamCountry "HUN"]

1. e4 c5 2. Nf3 d6 3. c3 g6 4. d4 cxd4 5. cxd4 Bg7 6. Bc4 Nf6 7. Nc3 0-0 8. Qe2 Nc6 9. h3 e5 10. dxe5 Nxe5 11. Nxe5 dxe5 12. Be3 Qa5 13. 0-0 Be6 14. Bxe6 fxe6 15. Qc4 Rfe8 16. Rfd1 Rac8 17. Qb3 Re7 18. Rac1 Ne8 19. Nd5 1-0

[Event "Perenyi Memorial"]
[Site "Budapest"]
[Date "2009.01.09"]
[Round "2"]
[White "Antos, Zoltan"]
[Black "Papagorasz, Takisz"]
[Result "1/2-1/2"]
[WhiteElo "2082"]
[BlackElo "2224"]
[PlyCount "52"]
[EventDate "2009.01.08"]
[EventType "swiss"]
[EventRounds "9"]
[EventCountry "HUN"]
[SourceTitle "CBM 128 Extra"]
[Source "ChessBase"]
[SourceDate "2009.03.05"]
[SourceVersion "2"]
[SourceVersionDate "2009.03.25"]
[SourceQuality "1"]

1. e4 e5 2. Nc3 Nc6 3. Bc4 Nf6 4. d3 h6 5. f4 Bb4 6. Nf3 d6 7. f5 d5 8. Bb5 dxe4 9. Nxe5 Qd5 10. Bxc6+ bxc6 11. d4 Ba6 12. Be3 0-0-0 13. Qd2 Rhf8 14. Nxd5 Bxd2+ 15. Bxd2 Nxd5 16. Nxc6 Rd6 17. Ne5 f6 18. Ng6 Re8 19. 0-0-0 e3 20. Ba5 e2 21. Rde1 Ne3 22. Bb4 Rxd4 23. Bc5 Rd1+ 24. Rxd1 exd1Q+ 25. Rxd1 Nxd1 26. Kxd1 Bf1 1/2-1/2

[Event "Paks op"]
[Site "Paks"]
[Date "2008.08.01"]
[Round "4"]
[White "Antos, Zoltan"]
[Black "Lizak, Peter"]
[Result "1-0"]
[WhiteElo "2029"]
[BlackElo "2246"]
[PlyCount "81"]
[EventDate "2008.07.30"]
[EventType "swiss"]
[EventRounds "7"]
[EventCountry "HUN"]
[SourceTitle "EXT 2011"]
[Source "ChessBase"]
[SourceDate "2010.11.26"]
[SourceVersion "1"]
[SourceVersionDate "2010.11.26"]
[SourceQuality "1"]

1. e4 e6 2. d3 c5 3. Nf3 Nc6 4. g3 Nge7 5. Bg2 d5 6. Qe2 g6 7. h4 h6 8. Nbd2 Bg7 9. 0-0 b6 10. e5 Nf5 11. c3 a5 12. Re1 Ba6 13. Nf1 Ra7 14. Bf4 Bf8 15. N1h2 Be7 16. Ng4 g5 17. hxg5 hxg5 18. Bd2 Rg8 19. Nfh2 Kf8 20. Bf3 Rg6 21. Kg2 Kg7 22. Rh1 Qc7 23. Rag1 c4 24. Nf1 cxd3 25. Qe1 d4 26. Rh5 dxc3 27. bxc3 Ra8 28. Rgh1 Rg8 29. Nfe3 Bb7 30. Nxf5+ exf5 31. Rh7+ Kf8 32. Nf6 Nxe5 33. Qxe5 Bxf3+ 34. Kxf3 Qc6+ 35. Nd5 Re6 36. Qb8+ Bd8 37. c4 Rd6 38. R1h6 g4+ 39. Kg2 Rgg6 40. Rh8+ Rg8 41. Qxd6+ 1-0

[Event "Paks op"]
[Site "Paks"]
[Date "2008.07.31"]
[Round "2"]
[White "Antos, Zoltan"]
[Black "Habibi, Ali"]
[Result "0-1"]
[WhiteElo "2029"]
[BlackElo "2277"]
[PlyCount "58"]
[EventDate "2008.07.30"]
[EventType "swiss"]
[EventRounds "7"]
[EventCountry "HUN"]
[SourceTitle "EXT 2011"]
[Source "ChessBase"]
[SourceDate "2010.11.26"]
[SourceVersion "1"]
[SourceVersionDate "2010.11.26"]
[SourceQuality "1"]

1. e4 c5 2. Nf3 g6 3. c4 Bg7 4. d4 cxd4 5. Nxd4 Nc6 6. Be3 Nf6 7. Nc3 Ng4 8. Qxg4 Nxd4 9. Qd1 Nc6 10. Qd2 Qa5 11. Rc1 d6 12. Nd5 Qxd2+ 13. Bxd2 0-0 14. b4 e6 15. Ne3 b6 16. c5 dxc5 17. bxc5 Bd7 18. Bb5 bxc5 19. Rxc5 Rfc8 20. 0-0 Bf8 21. Rc2 Rab8 22. Ba6 Rd8 23. Ng4 Bg7 24. Bg5 Nb4 25. Bxd8 Rxd8 26. Rd2 Nxa6 27. Rfd1 Nc5 28. Rc2 Na6 29. Rc7 Nxc7 0-1

[Event "HUN-chT2 Toth 0708"]
[Site "Hungary"]
[Date "2008.05.18"]
[Round "11"]
[White "Csikos, Mihaly"]
[Black "Antos, Zoltan"]
[Result "1-0"]
[WhiteElo "2131"]
[BlackElo "2024"]
[PlyCount "77"]
[EventDate "2007.10.14"]
[EventType "team-tourn"]
[EventRounds "11"]
[EventCountry "HUN"]
[SourceTitle "EXT 2009"]
[Source "ChessBase"]
[SourceDate "2008.11.26"]
[SourceVersion "1"]
[SourceVersionDate "2008.11.26"]
[SourceQuality "1"]
[WhiteTeam "Roszke"]
[BlackTeam "Nadudvar"]
[WhiteTeamCountry "HUN"]
[BlackTeamCountry "HUN"]

1. e4 c5 2. Nf3 d6 3. d4 cxd4 4. c3 d3 5. Bxd3 g6 6. 0-0 Bg7 7. Nbd2 Nc6 8. Nc4 Bg4 9. h3 Bxf3 10. Qxf3 Nf6 11. Bf4 Nd7 12. Qe3 b5 13. Nd2 Qb8 14. Bh6 Bf6 15. Rac1 a5 16. a3 Qb7 17. Qe2 Rb8 18. f4 Nc5 19. Bb1 b4 20. cxb4 axb4 21. e5 Qa7 22. exf6 Nd3+ 23. Kh2 Nxc1 24. Rxc1 Nd4 25. Qe3 e6 26. Be4 bxa3 27. bxa3 Kd8 28. Qd3 d5 29. Bf3 Nf5 30. Bg7 Rg8 31. Qc3 Nxg7 32. fxg7 Qe7 33. Nb3 Ra8 34. Na5 Qd7 35. Nc6+ Ke8 36. Be2 f5 37. Bb5 Qxg7 38. Ne5+ Kf8 39. Qc6 1-0

[Event "HUN-chT2 Toth 0708"]
[Site "Hungary"]
[Date "2008.03.30"]
[Round "9"]
[White "Antos, Zoltan"]
[Black "Nagy, Sandor"]
[Result "1-0"]
[WhiteElo "2024"]
[BlackElo "2158"]
[PlyCount "77"]
[EventDate "2007.10.14"]
[EventType "team-tourn"]
[EventRounds "11"]
[EventCountry "HUN"]
[SourceTitle "EXT 2009"]
[Source "ChessBase"]
[SourceDate "2008.11.26"]
[SourceVersion "1"]
[SourceVersionDate "2008.11.26"]
[SourceQuality "1"]
[WhiteTeam "Nadudvar"]
[BlackTeam "Mezobereny"]
[WhiteTeamCountry "HUN"]
[BlackTeamCountry "HUN"]

1. e4 e6 2. d3 d5 3. Qe2 Nf6 4. e5 Nfd7 5. Nf3 c5 6. g3 Nc6 7. c3 Qc7 8. Bf4 b6 9. Bg2 Ba6 10. b3 g6 11. 0-0 Bg7 12. Re1 h6 13. h4 0-0-0 14. c4 Rde8 15. Nc3 d4 16. Nb5 Bxb5 17. cxb5 Nb4 18. Rac1 g5 19. hxg5 hxg5 20. Bxg5 Nxe5 21. Nxe5 Qxe5 22. Qxe5 Bxe5 23. Rxe5 Nxd3 24. Ree1 Nxc1 25. Rxc1 e5 26. b4 Rh5 27. f4 exf4 28. Bxf4 Kd8 29. g4 Rhe5 30. Bxe5 Rxe5 31. Kf2 Kd7 32. Bf1 Kd6 33. bxc5+ bxc5 34. Bc4 Rg5 35. Kf3 f5 36. Rg1 fxg4+ 37. Rxg4 Rh5 38. Rg6+ Ke5 39. Kg4 1-0

[Event "HUN-chT2 Toth 0708"]
[Site "Hungary"]
[Date "2008.03.16"]
[Round "8"]
[White "Antos, Zoltan"]
[Black "Balla, Tamas Kristof"]
[Result "0-1"]
[WhiteElo "2024"]
[BlackElo "2341"]
[PlyCount "108"]
[EventDate "2007.10.14"]
[EventType "team-tourn"]
[EventRounds "11"]
[EventCountry "HUN"]
[SourceTitle "EXT 2009"]
[Source "ChessBase"]
[SourceDate "2008.11.26"]
[SourceVersion "1"]
[SourceVersionDate "2008.11.26"]
[SourceQuality "1"]
[WhiteTeam "Nadudvar"]
[BlackTeam "Gyula"]
[WhiteTeamCountry "HUN"]
[BlackTeamCountry "HUN"]

1. e4 g6 2. d4 d6 3. Nc3 a6 4. a4 Bg7 5. Be3 Nd7 6. Bc4 e6 7. f4 d5 8. exd5 Nb6 9. Be2 Nxd5 10. Nxd5 exd5 11. Nf3 Nf6 12. Ne5 Ne4 13. 0-0 0-0 14. Qe1 Re8 15. b3 f6 16. Nd3 Qe7 17. Bf3 c6 18. Bc1 h5 19. Qa5 Bf5 20. Ba3 Qf7 21. Rad1 Bf8 22. Bb2 Nd6 23. Rf2 Bxd3 24. Rxd3 f5 25. Rf1 Re6 26. c4 dxc4 27. bxc4 Nxc4 28. Qc3 Nxb2 29. Qxb2 Bg7 30. Bd1 Rd8 31. Bb3 Rd5 32. Bxd5 cxd5 33. g3 Re4 34. Rb1 Qe6 35. Kf2 Qc6 36. a5 Qa4 37. Rbd1 Qxa5 38. Qxb7 Qa2+ 39. R1d2 Qc4 40. Qb6 Kh7 41. Qa7 Kh6 42. Qb6 Qc1 43. Rd1 Qc2+ 44. R1d2 Qc4 45. Kf3 Bxd4 46. Rxd4 Qf1+ 47. Rf2 Qh1+ 48. Rg2 Qe1 49. Rxd5 Qc3+ 50. Kf2 Rb4 51. Qc5 Rb2+ 52. Kf1 Qf3+ 53. Ke1 Rb1+ 54. Kd2 Qxg2+ 0-1

[Event "HUN-chT2 Toth 0708"]
[Site "Hungary"]
[Date "2008.02.17"]
[Round "6"]
[White "Erdos, Boglarka"]
[Black "Antos, Zoltan"]
[Result "0-1"]
[WhiteElo "2071"]
[BlackElo "2024"]
[PlyCount "68"]
[EventDate "2007.10.14"]
[EventType "team-tourn"]
[EventRounds "11"]
[EventCountry "HUN"]
[SourceTitle "EXT 2009"]
[Source "ChessBase"]
[SourceDate "2008.11.26"]
[SourceVersion "1"]
[SourceVersionDate "2008.11.26"]
[SourceQuality "1"]
[WhiteTeam "Mako II"]
[BlackTeam "Nadudvar"]
[WhiteTeamCountry "HUN"]
[BlackTeamCountry "HUN"]

1. e4 c5 2. Nf3 d6 3. d4 cxd4 4. Nxd4 Nf6 5. Nc3 a6 6. Be3 e6 7. Bd3 b5 8. 0-0 Bb7 9. a3 Nbd7 10. f4 Rc8 11. Qf3 Rxc3 12. bxc3 Nc5 13. Qh3 Nfxe4 14. c4 bxc4 15. Bxc4 Be7 16. Rab1 Qc7 17. Nb3 Na4 18. Bd3 Nac3 19. Rbe1 h6 20. Bd4 Rg8 21. Qh5 d5 22. Rf3 Nb5 23. Bxb5+ axb5 24. Rxe4 dxe4 25. Qxb5+ Qd7 26. Qxd7+ Kxd7 27. Rg3 g6 28. a4 Rc8 29. Bc3 Ba6 30. Kf2 Bh4 31. Bd4 Rxc2+ 32. Ke1 Bxg3+ 33. hxg3 Re2+ 34. Kd1 Kd6 0-1

[Event "Budapest FS09 FM-B"]
[Site "Budapest"]
[Date "2006.09.12"]
[Round "11"]
[White "Antos, Zoltan"]
[Black "Mihajlova, Diana"]
[Result "1-0"]
[WhiteElo "1898"]
[BlackElo "1749"]
[PlyCount "35"]
[EventDate "2006.09.02"]
[EventType "tourn"]
[EventRounds "13"]
[EventCountry "HUN"]
[SourceTitle "CBM 114 Extra"]
[Source "ChessBase"]
[SourceDate "2006.11.03"]
[SourceVersion "1"]
[SourceVersionDate "2006.11.03"]
[SourceQuality "1"]

1. e4 c5 2. Nf3 d6 3. d4 g6 4. Bc4 Bg4 5. Bxf7+ Kd7 6. dxc5 Qa5+ 7. c3 Bxf3 8. Qxf3 Qxc5 9. Qh3+ Kc7 10. Bxg8 Rxg8 11. Qxh7 Rg7 12. Qh3 Rf7 13. Qe3 Qh5 14. Qe2 Nd7 15. Qc4+ Nc5 16. Qxf7 Nxe4 17. Qc4+ Nc5 18. b4 1-0

[Event "Budapest FS09 FM-B"]
[Site "Budapest"]
[Date "2006.09.07"]
[Round "6"]
[White "Antos, Zoltan"]
[Black "Dobos, Otto"]
[Result "1-0"]
[WhiteElo "1898"]
[BlackElo "1864"]
[PlyCount "89"]
[EventDate "2006.09.02"]
[EventType "tourn"]
[EventRounds "13"]
[EventCountry "HUN"]
[SourceTitle "CBM 114 Extra"]
[Source "ChessBase"]
[SourceDate "2006.11.03"]
[SourceVersion "1"]
[SourceVersionDate "2006.11.03"]
[SourceQuality "1"]

1. e4 e5 2. Nf3 d6 3. d4 exd4 4. Nxd4 Nf6 5. Nc3 Be7 6. f3 a6 7. Be3 0-0 8. Qd2 b5 9. 0-0-0 b4 10. Nd5 Nxd5 11. exd5 a5 12. g4 Bf6 13. g5 Bxd4 14. Bxd4 c5 15. dxc6 Nxc6 16. Be3 Bb7 17. Be2 Qe7 18. Rhe1 Qe6 19. Kb1 a4 20. Bb6 b3 21. cxb3 axb3 22. a3 Qf5+ 23. Qd3 Qxd3+ 24. Rxd3 Ne5 25. Rxb3 Bd5 26. Rc3 Rfe8 27. Rd1 Be6 28. Rxd6 Bf5+ 29. Ka2 Nd7 30. Bb5 Re7 31. Bxd7 Bxd7 32. Rcd3 Be6+ 33. b3 h6 34. gxh6 gxh6 35. Rd8+ Rxd8 36. Bxd8 Rb7 37. a4 Rb8 38. Bc7 Rb7 39. Bg3 Kh7 40. Ka3 Kg6 41. b4 Kf5 42. b5 Bc4 43. Rc3 Be2 44. Kb4 Ke6 45. Re3+ 1-0